The Mediterranean Sea

Αποθηκεύτηκε σε:
Λεπτομέρειες βιβλιογραφικής εγγραφής
Κύριος συγγραφέας: Lambert, David 1932-
Μορφή: Βιβλίο
Γλώσσα:English
Δημοσίευση: East Sussex : Wayland, c1996
Σειρά:Seas and oceans
Θέματα:
Ετικέτες: Προσθήκη ετικέτας
Δεν υπάρχουν, Καταχωρήστε ετικέτα πρώτοι!

MARC

LEADER 00000nam a2200000 i 4500
001 1/102936
008 000301s1996 eng d
020 |a 0-7502-1738-3 
035 |l 10058277 
040 |a GR-MY-UA  |b gre  |e aacr 
041 0 |a eng 
082 0 |a 551.462 
100 1 |a Lambert, David  |d 1932- 
245 1 4 |a The Mediterranean Sea /  |c David Lambert 
260 |a East Sussex :   |b Wayland,   |c c1996 
300 |a 48 p.  |b ill. 
490 1 |a Seas and oceans 
504 |a Includes index 
651 0 |a Mediterranean Sea. 
651 0 |a Mediterranean Sea  |x Juvenile literature. 
830 0 |a Seas and oceans 
852 |a INST  |b LESVOS  |e 20000301  |h 551.462 LAM  |p 005100020855  |q 005100020855  |t BK  |y 0 
901 |a BIBL1-2000-1 
909 |a Λ  |b 073906 
922 |a 1ΕΛΗ  |b 199912  |c ΚΠΣ/ΤΠ  |d ΠΑΠΑΣΩΤΗΡΙΟΥ 
950 |a 107-1998-06-03 
970 |a ΤΖΑΦΕΡΗ  |b ΕΥΑΓΓΕΛΙΑ  |z 2000/03/15